Non-destructive research of the church of birth of the virgin in Želiv by Humpolec

Bibliographic Details
Main Authors: Hašek, Vladimír, 1938- (Author), Maštera, Lubomír, 1936- (Author), Šindelář, Jiří (Author), Thomová, Zuzana (Author)
Format: Article
Language:Slovak
English
PhysicalDescription:Fotogr.
ISBN:9788089315086
ISSN:0560-2793
Subjects:

MARC

LEADER 00000nab a2200000 a 4500
001 vtls010113225
003 SK-MaSNL
005 20260304183903.0
008 250708|2008 xo |||||||||||||| ||slo
015 |a SNBRA2010/07  |2 snkbucl 
035 |a (uuid)73a116b9-242b-44e5-a02b-531772ad89e2 
035 |a urn:nbn:sk:snk-ab16g2 
035 |a (urnnbn)urn:nbn:sk:snk:ar-a058l7 
038 |a SNKBUCL 
040 |a SNKBUCL  |b slo  |c SNKBUCL  |e AACR2 
041 0 |a eng  |b cze 
044 |a xo  |c SK 
080 |a 902.2:550.8.08  |2 2001 
080 |a 726.54  |x (437.1/.3)  |2 2001 
245 0 0 |a Non-destructive research of the church of birth of the virgin in Želiv by Humpolec  |c Vladimír Hašek ... [et al.] 
300 |b Fotogr. 
504 |a Bibliogr. odkazy 
546 |a Res. čes. 
610 2 7 |a Jihočeské muzeum v Českých Budějovicích  |2 SNKKA  |9 252648 
610 2 7 |a Kostel Narození Panny Marie (Želiv, Česko)  |2 snkbucl  |9 133414 
648 7 |a 2007  |2 snkbucl  |9 313226 
650 0 7 |a kostoly  |2 snkbucl  |9 3023 
650 0 7 |a hrobky  |2 snkbucl  |9 3034 
650 0 7 |a geofyzikálne merania  |2 snkbucl  |9 1405984 
650 0 7 |a archeologické výskumy  |2 snkbucl  |9 74796 
651 7 |a Želiv (Českko)  |2 snkbucl  |9 1516501 
655 7 |a štúdie  |2 snkbucl  |9 57033 
700 1 |a Hašek, Vladimír,  |d 1938-  |4 aut  |9 42465 
700 1 |a Maštera, Lubomír,  |d 1936-  |4 aut  |9 179652 
700 1 |a Šindelář, Jiří  |4 aut  |9 401781 
700 1 |a Thomová, Zuzana  |4 aut  |9 1516502 
773 0 |t Študijné zvesti Archeologického ústavu Slovenskej akadémie vied. 43  |d Nitra : Archeologický ústav SAV, 2008  |g S.  |x 0560-2793  |z 9788089315086 
850 |a Slovenská národná knižnica 
852 |a Slovenská národná knižnica 
958 |a article27 
958 |a NB 
958 |a OND 
958 |a EUIPO 
999 |c 3036088  |d 3038018